00504nam a2200145Ia 4500008004100000041000800041082001600049100002600065245004500091260003900136300003300175365001100208999001700219952012200236240624s9999 xx 000 0 und d aeng a320.954 NSW aNATIONAL SOCIAL WATCH aCITIZENS REPORT ON GOVERNANCE AND DEVELO c2011aNew DelhibSage Publications axxiii, : 148 : p. : cm. ; 28 cRSb35 c18926d18926 00104070aIMTNbIMTNcRack 5-Bd2012-05-03eIBHg795.00o320.954 NSWp18926r2024-06-24 00:00:00t1w2024-06-24yBK